000 00336nam a2200133Ia 4500
008 190216s9999||||xx |||||||||||||| ||und||
100 _aKreyszig Erwin
245 0 _aAdvanced Engineering Mathematics
250 _a5th Ed.
260 _bNew Age International Publishers
_c1983
300 _a1-17p
650 _aMathematics
942 _cBK
999 _c31309
_d31309